| 000 | 00954nam a2200277Ia 4500 | ||
|---|---|---|---|
| 003 | OSt | ||
| 005 | 20221007121640.0 | ||
| 006 | a|||||r|||| 00| 0 | ||
| 007 | ta | ||
| 008 | 221006b |||||||| |||| 00| 0 eng d | ||
| 020 |
_a0471545473 (hbd) _c _ 18.95 |
||
| 024 | _a3788 | ||
| 037 |
_bApple, _cTextual |
||
| 040 |
_aBDL _cBDL _beng |
||
| 041 |
_2eng _aeng |
||
| 082 | _aI:3, N5 | ||
| 100 | _aHopkins William G | ||
| 245 | 0 | _aIntroduction to plant physiology by William G Hopkins | |
| 260 |
_aNew _bYork John Wiley Sons, Inc _c1995 |
||
| 300 |
_axv,464p _ccm. |
||
| 500 | _aIncludes bibliographical references; Index 455-464p; ^mPurchase^n23/CSL/Carb/95-96/3120^d1995-12-07; ; 95-96/544^b1996-03-01^c247/95-96^d1996-02-27^eApple Books^g1996-03-01^h1996-03-06; ; 1996-03-08^bSB^c1996-08-05 | ||
| 650 | _a Physiology | ||
| 650 | _aBotany | ||
| 942 |
_hI:3, N5 _cTEXL _2CC |
||
| 999 |
_c1209133 _d1209133 |
||